| 000 | 00366nam a22001457a 4500 | ||
|---|---|---|---|
| 008 | 210311b ||||| |||| 00| 0 eng d | ||
| 020 | _a0314933050 | ||
| 041 | _aeng | ||
| 080 |
_22nd _a159.9 |
||
| 082 |
_22nd _a159.9 |
||
| 100 | _a49 | ||
| 101 | _aPSI | ||
| 245 |
_aIntroduction to Data Structures and Algorithm Analysis with Pascal _cNaps,L.TH |
||
| 942 |
_2udc _cBK |
||
| 999 |
_c56292 _d56292 |
||